Starostlivosť o dôchodcov vo vybranom domove sociálnych služieb bakalárska práca

Gespeichert in:
Bibliographische Detailangaben
1. Verfasser: Chiusoliová, Barbara
Körperschaft: Národohospodárska fakulta EU. Katedra sociálneho rozvoja a práce
Weitere Verfasser: Pongráczová, Eva, 1971-
Format: Buch
Sprache:Slowakisch
Veröffentlicht: Bratislava 2011
Tags: Tag hinzufügen
Keine Tags, Fügen Sie das erste Tag hinzu!

MARC

LEADER 00000nbm a2200000 4500
001 0139723
005 20161109111641.6
041 0 |a slo 
044 |a SK 
245 1 0 |a Starostlivosť o dôchodcov vo vybranom domove sociálnych služieb  |b bakalárska práca  |c Barbara Chiusoliová ; školiteľ: Eva Pongráczová 
264 1 |a Bratislava  |c 2011 
300 |a 53 s. 
100 1 |a Chiusoliová, Barbara 
700 1 |a Pongráczová, Eva, 1971- 
710 2 |a Národohospodárska fakulta EU. Katedra sociálneho rozvoja a práce